Phylogenetic trends in the Scarabaeoidea (Coleoptera) (Registro nro. 12692)

Detalles MARC
000 -CABECERA
Campo de control 005420000a22001930004500
090 ## - CLASIFICACIÓN LOCAL
Colección AR
Consecutivo 03644
041 0# - IDIOMA
Código de idioma para texto/pista de sonido o título separado
100 1# - ASIENTO PRINCIPAL--NOMBRE PERSONAL
Nombre personal Scholtz, C. H.
245 10 - MENCION DE TITULO
Título Phylogenetic trends in the Scarabaeoidea (Coleoptera)
650 14 - ASIENTO SECUNDARIO DE MATERIA - TERMINO TEMATICO
Término temático o nombre geográfico como elemento de entrada Entomología
650 14 - ASIENTO SECUNDARIO DE MATERIA - TERMINO TEMATICO
Término temático o nombre geográfico como elemento de entrada Coleópteros
650 14 - ASIENTO SECUNDARIO DE MATERIA - TERMINO TEMATICO
Término temático o nombre geográfico como elemento de entrada Filogenética
650 14 - ASIENTO SECUNDARIO DE MATERIA - TERMINO TEMATICO
Término temático o nombre geográfico como elemento de entrada Evolución
650 14 - ASIENTO SECUNDARIO DE MATERIA - TERMINO TEMATICO
Término temático o nombre geográfico como elemento de entrada Morfología animal
653 ## - TERMINO DE INDIZACION - NO CONTROLADO
-- Scarabaeoidea
653 ## - TERMINO DE INDIZACION - NO CONTROLADO
-- Dascilloidea
773 1# - Item fuente:
Título Journal of Natural history
Paginas del Articulo 1027-1066
Lugar, editorial y fecha de publicación 1990
Información sobre la relación 24
942 ## - ELEMENTOS ADICIONALES (KOHA)
Tipo de ítem Artículo
Existencias
Withdrawn status Lost status Damaged status No para préstamo Colección Ubicación Permanente Ubicación actual Fecha de adquisición Datos de publicación Seriada Total Checkouts Número topográfico Inventario / Código de Barras Date last seen Price effective from Forma de adquisición Tipo de material
      No para Préstamo Hemeroteca Bogotá Bogotá 27/02/2015 Fuera de circulación   AR 03644 017202 25/03/2015 25/03/2015   Artículo